| 000 | nam a22 a 4500 | ||
|---|---|---|---|
| 999 |
_c392 _d392 |
||
| 003 | AKMAL | ||
| 005 | 20170503154422.0 | ||
| 008 | 170503s2000 my | g | a000 0 eng d | ||
| 020 |
_a9679933733 (pbk.) : _cRM20.00 |
||
| 040 | _aAKMAL | ||
| 082 | 0 | 4 |
_a070.50285 SAR _222 |
| 090 | 0 | 0 |
_a070.50285 _bSAR |
| 100 | 0 |
_aSarojini Naidu _9888 |
|
| 245 | 1 | 0 |
_aInto the era of electronic publishing / _cSarojini Naidu |
| 260 |
_aKuala Lumpur : _bNational Institute of Public Administration, _c2000 |
||
| 300 |
_axiii, 99p. : _bill. ; _c21cm. |
||
| 490 | 1 | _aSiri pengurusan INTAN | |
| 490 | 1 | _aINTAN management series | |
| 504 | _aBibliography: p. 97-99 | ||
| 650 | 1 | 0 |
_aElectronic publishing _9889 |
| 830 | 0 |
_aSiri pengurusan INTAN _9890 |
|
| 830 | 0 |
_aINTAN management series _9891 |
|
| 942 |
_2ddc _cBOOK |
||
| 950 | _lAKMAL | ||